Decir la diferencia (Record no. 93394)

MARC details
000 -LEADER
fixed length control field 00668nam a22001937a 4500
005 - DATE AND TIME OF LATEST TRANSACTION
control field 20210917115333.0
008 - FIXED-LENGTH DATA ELEMENTS--GENERAL INFORMATION
fixed length control field 210812b mx ||||| |||| 00| 0 spa d
020 ## - INTERNATIONAL STANDARD BOOK NUMBER
International Standard Book Number 9682936527
050 04 - LIBRARY OF CONGRESS CALL NUMBER
Classification number PN3503
Item number D43 1991
245 00 - TITLE STATEMENT
Title Decir la diferencia
Remainder of title : la francofonía a través de su prosa
Statement of responsibility, etc / traducción, compilación, estudios y notas Laura López Morales
250 ## - EDITION STATEMENT
Edition statement 1a ed.
260 ## - PUBLICATION, DISTRIBUTION, ETC. (IMPRINT)
Place of publication, distribution, etc México :
Name of publisher, distributor, etc Consejo Nacional para la Cultura y las Artes,
Date of publication, distribution, etc 1991
300 ## - PHYSICAL DESCRIPTION
Extent 334 p. ;
Dimensions 21 cm.
490 0# - SERIES STATEMENT
Series statement Cien del Mundo
504 ## - BIBLIOGRAPHY, ETC. NOTE
Bibliography, etc Bibliografía : p. 333.-334
650 #7 - SUBJECT ADDED ENTRY--TOPICAL TERM
Source of heading or term lemb
Topical term or geographic name as entry element Prosa
700 1# - ADDED ENTRY--PERSONAL NAME
Personal name López Morales, Laura
Relator term traductor
-- compilador
942 ## - ADDED ENTRY ELEMENTS (KOHA)
Source of classification or shelving scheme Biblioteca del Cogreso de los Estados Unidos
Koha item type Libro
Holdings
Estado de pérdida Fuente de clasificación Estado del daño No para préstamo Ubicación permanente Ubicación actual Apartado o colección Fecha de adquisición Edición Área del conocimiento Total Checkouts Clasificación Código de Barras Date last seen Número de copia Costo por reposición Tipo de recurso
  Biblioteca del Cogreso de los Estados Unidos     Biblioteca de la Preparatoria José Ma. Morelos Biblioteca de la Preparatoria José Ma. Morelos General 12/08/2021 1a ed. Educación y Humanidades   PN3503 D43 1991 PJM000001453 12/08/2021 1 1.00 Libro